Tarea docente. (Registro nro. 762)
[ vista simple ]
| 000 -LEADER | |
|---|---|
| fixed length control field | 01081 am a2200253 a 4500 |
| 005 - FECHA ULTIMA MODIFICACION | |
| control field | 20240627104645.0 |
| 008 - CAMPO DE CONTROL (LIBRO) | |
| fixed length control field | 100924s1993||||mx # f |||| 001 0 spa d |
| 020 ## - INTERNATIONAL STANDARD BOOK NUMBER | |
| ISBN | 9683900348 |
| 041 ## - CODIGO DE IDIOMA | |
| Código de idioma del texto/pista de sonido o título separado | spa |
| 092 ## - SIGNATURA TOPOGRAFICA DEWEY LOCAL | |
| número de clasificación | 371.172 |
| libristica | 16 |
| sección | DIA |
| 100 1# - ENTRADA PRINCIPAL--NOMBRE PERSONAL | |
| Nombre personal | Díaz Barriga, Ángel. |
| 9 (RLIN) | 1516 |
| 245 ## - TITULO PROPIAMENTE DICHO | |
| Título | Tarea docente. |
| Subtítulo y Título paralelo | Una perspectiva didáctica grupal y psicosocial / |
| Mención de responsabilidad y remanente de la transcripción de la portada | Ángel Díaz Barriga. |
| 250 ## - MENCION DE EDICION | |
| Mención de edición | 1a ed. |
| 260 ## - PIE DE IMPRENTA | |
| Lugar de publicación, distribución, etc | México: |
| Nombre de la editorial, distribuidor, etc | Nueva imagen ; Universidad Nacional Autónoma de México; |
| Fecha de publicación | 1993. |
| 300 ## - DESCRIPCION FISICA | |
| Extension | 118 p. |
| 500 ## - NOTA GENERAL | |
| Nota general | Díaz Barriga, A. (1993). Tarea docente. Una perspectiva didáctica grupal y psicosocial. (1a ed.). México : Nueva imagen ; Universidad Nacional Autónoma de México. |
| 653 ## - TÉRMINO INDIZADO - PALABRAS CLAVES | |
| Palabra clave | Inserción y evolución del pensamiento grupal en México |
| 653 ## - TÉRMINO INDIZADO - PALABRAS CLAVES | |
| Palabra clave | Profesor: la tensión de su tarea educativa derivada de la coordinación de grupos |
| 653 ## - TÉRMINO INDIZADO - PALABRAS CLAVES | |
| Palabra clave | Relación educativa |
| 653 ## - TÉRMINO INDIZADO - PALABRAS CLAVES | |
| Palabra clave | Procesos de frustración en la tarea docente |
| 653 ## - TÉRMINO INDIZADO - PALABRAS CLAVES | |
| Palabra clave | Procesos académicos y la gestión escolar. Puntos de tensión |
| 930 ## - NUMERO DE INVENTARIO | |
| Número de inventario | 205 |
| 942 ## - ADDED ENTRY ELEMENTS (KOHA) | |
| Source of classification or shelving scheme | Dewey Decimal Classification |
| Item type | Libros |
| Estado de retiro | Existencia | Estado general | No para prestamo | Ubicación permanente | ubicación actual | Sala de ubicación | Fecha de adquisición | Total Checkouts | Número de clasificación | Código de barras | Date last seen | Date last borrowed | Número de ejemplar | Price effective from | Koha tipo de elemento (item) |
|---|---|---|---|---|---|---|---|---|---|---|---|---|---|---|---|
| Biblioteca Medicina | Biblioteca Medicina | Circulación | 13/05/2011 | 1 | 371.172 16 DIA | 205 | 10/06/2022 | 10/06/2022 | ej.1 | 13/05/2011 | Libros |